000 00624nam a2200205 i 4500
001 bgj
245 1 0 _aDeutsche Exilliteratur, Literatur im Dritten Reich /
_c[hrsg. von Wolfgang Elfe].
246 1 _aSchwierigkeiten bei der Darstellung des Boesen.
260 _a[Bern ;
_aFrankfurt am Main ;
_aLas Vegas :
_bVerlag Peter Lang,
_c1979.
300 _aS. 39-48 ;
_c23 cm.
650 9 _aLiteratura niemiecka
_xhistoria
700 1 _aELFE, Wolfgang.
700 1 _aBEST, Otto F.
040 _cBPK
041 0 _ager
044 _aDEU
080 _a821.112.2(091)
942 _cKS
008 s gw f |000 0 ger
999 _c49941
_d49941
856 _uhttp://koha.tu.koszalin.pl/cgi-bin/koha/opac-detail.pl?biblionumber=49941
_yKatalog online BPK